El niño que mira al mar / (Record no. 182468)

MARC details
000 -LEADER
campo de control de longitud fija 00654nam a2200193 i 4500
001 - NÚMERO DE CONTROL
campo de control 182468
003 - IDENTIFICADOR DE NÚMERO DE CONTROL
campo de control ES-MaACL
005 - FECHA Y HORA DE LA ÚLTIMA TRANSACCIÓN
campo de control 20230906221622.0
008 - DATOS DE LONGITUD FIJA--INFORMACIÓN GENERAL
campo de control de longitud fija 130816s1995 sp |||| | spa d
080 ## - NÚMERO DE LA CLASIFICACIÓN DECIMAL UNIVERSAL
Número de la Clasificación Decimal Universal 821.134.2-14"19"
100 1# - ENTRADA PRINCIPAL--NOMBRE DE PERSONA
Nombre de persona González Cuevas, José.
9 (RLIN) 153276
245 13 - MENCIÓN DEL TÍTULO
Título El niño que mira al mar /
Mención de responsabilidad, etc. José González Cuevas.
260 ## - PUBLICACIÓN, DISTRIBUCIÓN, ETC.
Lugar de publicación, distribución, etc. [Madrid] :
Nombre del editor, distribuidor, etc. Asociación Cultural Literaria y Artística Encuentro de Aromas,
Fecha de publicación, distribución, etc. 1995.
300 ## - DESCRIPCIÓN FÍSICA
Extensión 92 p. ;
Dimensiones 20 cm.
490 1# - MENCIÓN DE SERIE
Mención de serie El buho de Minerva ;
Designación de volumen o secuencia 4
830 0# - PUNTO DE ACCESO ADICIONAL DE SERIE-TÍTULO UNIFORME
Título uniforme El buho de Minerva ;
Designación de volumen o secuencia 4
9 (RLIN) 191429
852 ## - LOCALIZACIÓN
Ubicación ES-MaACL
Número de control de estantería 2326-F-4
Nota libre .- Dedicatoria manuscrita del autor
Holdings
Estatus retirado Estado de pérdida Estado de daño No para préstamo Colección Biblioteca de origen Biblioteca actual Ubicación en estantería Fecha de adquisición Fuente de adquisición Total de préstamos Signatura topográfica completa Código de barras Visto por última vez Precio de reemplazo Tipo de ítem Koha
        Colección de folletos Biblioteca del Ateneo de Madrid Biblioteca del Ateneo de Madrid Depósito folletos 16/08/2013     2326-F-4 1191748 23/02/2023 23/02/2023 Folleto